15 principaux pays touchés par Covid-19 - 8 novembre - Statistiques

Statistiques générales
  • Ce quiz a été pris 42 fois
  • Le résultat moyen est 10 sur 24
Statistiques - réponses
pays % Correct
France
100%
Etats-Unis
92%
Allemagne
81%
Italie
81%
Russie
81%
Espagne
78%
Brésil
67%
Royaume-Uni
61%
Inde
58%
Mexique
58%
Argentine
56%
Belgique
53%
Chili
33%
Pérou
33%
Colombie
31%
Afrique du Sud
25%
Iran
19%
Tchèquie
19%
Panama
6%
Qatar
6%
Israël
3%
Arménie
0%
Bahreïn
0%
Koweït
0%
Aucun quiz correspondant
Distribution des résultats
% des personnes avec chaque résultat
Percentile par nombre de réponses
Votre historique - résultats
Vous n’avez pas pris ce quiz